| 000 | 00555cam a22002171 4500 | ||
|---|---|---|---|
| 001 | sa 65003835 | ||
| 003 | DLC | ||
| 005 | 20260227112126.0 | ||
| 008 | 860130s1961 io 000 0 ind | ||
| 010 | _asa 65003835 | ||
| 025 | _aPL480:Indo-1466 | ||
| 035 | _a(OCoLC)13084731 | ||
| 040 |
_aDLC _cKyU _dDLC |
||
| 042 | _apremarc | ||
| 050 | 0 | 0 |
_aPL5089.D4 _bS6 1961 |
| 100 | 1 |
_aDewantara, Hadjar, _d1889-1959. |
|
| 245 | 1 | 0 | _aSoal wanita. |
| 250 | _aTjet. 2. | ||
| 260 |
_aJogjakarta, _bMadjelis Luhur Taman Siswa, _c1961. |
||
| 300 |
_a20 p. _c22 cm. |
||
| 999 |
_c63389 _d63389 |
||